000 02014nam a2200457 c 4500
003 BLK
005 20240314173818.0
008 180409b bul|||||r ||||||| ||bul||
010 _aKNG00137122000
020 _a978-954-625-717-8
_bиздат.: Фют - (подв.)
040 _aBLK
041 _aBUL
_cBUL
072 7 _2bullib
_aН86
_xДетска отраслова литература Н
080 _aИзобретения и открития. Изобретателство. Рационализации. Патенти. Промишлени образци. Вж и 347.77
_b001.894
_x(091)
_z001.894(091)
100 1 _aМърфи, Глен
_eпърви автор
_9300417
700 1 _aТатаров, Антон
_eпрев.
_9322662
139 _aМърфи, Глен
_bМ 97
245 1 0 _aОткрития, които промениха света
_cГлен Мърфи; прев. Антон Татаров.
257 _aGBR
260 София
_bФют
_c2012
_fотпеч. в Китай
300 _a66 с.
_bс цв. ил., портр., к.
_c28Х28 см
380 _aDN
490 1 _aПоредица Повратни моменти
500 _aОриг. загл. Science. - Името на прев. отбелязано в библиогр. каре. - Речник ; Азб. показалец.
650 4 _aИзобретения - история
_9244564
650 4 _aНаучни открития - история
_9244174
650 4 _aЕнциклопедии, детски
_9154962
653 _aизобретения
653 _aнаучни открития
653 _aистория
653 _aлитература за деца
653 _aдетска литература
653 _aенциклопедии
659 _aН
852 _aЦб ІІ 17512
856 4 _qpdf
_u
856 4 _qpdf
_u
942 _cKNG
_n0
_07
944 _aCR
_c11.12.2012
_lРусанова Ирена
_k30542
944 _aED
_c22.01.2013
_lф /
_k
999 _c131310
_d131310